[Event "VIII Festival Hotel Petra A"]
[Site "Roma ITA"]
[Date "2007.11.03"]
[Round "7"]
[White "Sibilio, Mario"]
[Black "Ibba, Isacco"]
[Result "1-0"]
[WhiteElo "2381"]
[BlackElo "2202"]
[PlyCount "75"]
[EventDate "2007.10.29"]

1. d4 Nc6 2. Nc3 e5 3. d5 Nce7 4. d6 cxd6 5. e4 d5 6. Nxd5 Nxd5 7. Qxd5 Nf6 8.
Qxe5+ Be7 9. Bd3 O-O 10. Ne2 d5 11. exd5 Ng4 12. Qe4 f5 13. Qd4 Qa5+ 14. Bd2
Qc7 15. d6 Bxd6 16. Qc4+ Rf7 17. Qxc7 Rxc7 18. Bf4 Ne5 19. O-O-O g5 20. Bxg5
Be6 21. Nf4 Bxa2 22. Bxf5 Nf7 23. Ne6 Rc6 24. Be3 Be5 25. Nd4 Rb6 26. b3 a5 27.
Nf3 Rb5 28. Bd7 Rb4 29. Nxe5 Nxe5 30. Be6+ Kg7 31. Bd4 Kf6 32. Rhe1 Kxe6 33.
Rxe5+ Kf7 34. Rd3 a4 35. Rf3+ Kg6 36. Re6+ Kh5 37. Be3 Ra6 38. Re5+ 1-0

[Event "VIII Festival Hotel Petra A"]
[Site "Roma ITA"]
[Date "2007.11.03"]
[Round "7"]
[White "Stips, Felix"]
[Black "Guidi, Maurizio"]
[Result "1-0"]
[WhiteElo "2061"]
[BlackElo "2078"]
[PlyCount "72"]
[EventDate "2007.10.29"]

1. e4 c5 2. Nf3 Nc6 3. d4 cxd4 4. Nxd4 g6 5. c4 Bg7 6. Be3 Nf6 7. Nc3 Ng4 8.
Qxg4 Nxd4 9. Qd1 Ne6 10. Qd2 O-O 11. Be2 d6 12. Nd5 b6 13. O-O Bb7 14. Rac1 Nc5
15. f3 Rc8 16. b4 Ne6 17. Kh1 Qd7 18. Rfd1 Nc7 19. Bf1 Rfd8 20. Bg5 f6 21. Bf4
Kf7 22. Qf2 Qa4 23. Qd2 Bf8 24. Bd3 e6 25. Nxc7 Rxc7 26. Qb2 Rcc8 27. Bc2 Qe8
28. Bb3 Kg7 29. a3 a5 30. Be3 Qc6 31. b5 Qc7 32. Qd4 Qc5 33. Qc3 Qc7 34. Qd2
Rb8 35. Qf2 Ba8 36. a4 Qa7 1-0

[Event "VIII Festival Hotel Petra A"]
[Site "Roma ITA"]
[Date "2007.11.03"]
[Round "7"]
[White "Tosoni, Augusto"]
[Black "Colombo, Paolo"]
[Result "1-0"]
[WhiteElo "2255"]
[BlackElo "2147"]
[PlyCount "73"]
[EventDate "2007.10.29"]

1. e4 d6 2. d4 Nf6 3. Nc3 c6 4. f4 Qa5 5. Bd3 e5 6. Nf3 Nbd7 7. O-O Be7 8. Kh1
O-O 9. Qe1 Qc7 10. a4 exd4 11. Nxd4 Nc5 12. Bd2 Re8 13. Qg3 Nxd3 14. cxd3 Qb6
15. Be3 Qa5 16. f5 Qd8 17. Qf3 Nd7 18. Nc2 b6 19. d4 Bb7 20. Bf4 Nf8 21. e5 d5
22. Rad1 Ba6 23. Rg1 Bg5 24. Ne3 Rc8 25. g4 Kh8 26. Kg2 Bxf4 27. Qxf4 c5 28.
dxc5 Rxc5 29. Rd4 Nd7 30. Nexd5 Rxe5 31. Kg3 h6 32. Nb4 Bb7 33. Nd3 Qc7 34.
Rxd7 Qxd7 35. Nxe5 Qc8 36. Nxf7+ Kg8 37. Nd6 1-0

[Event "VIII Festival Hotel Petra A"]
[Site "Roma ITA"]
[Date "2007.11.03"]
[Round "7"]
[White "Tribuiani, Renato"]
[Black "Calavalle, Giulio"]
[Result "0-1"]
[WhiteElo "2096"]
[BlackElo "2238"]
[PlyCount "126"]
[EventDate "2007.10.29"]

1. e3 c5 2. f4 g6 3. Nc3 Bg7 4. Nf3 Nc6 5. Bb5 a6 6. Bxc6 bxc6 7. O-O Nh6 8.
Ne4 Qb6 9. c3 d5 10. Nf2 O-O 11. b3 a5 12. Ba3 Re8 13. d4 cxd4 14. cxd4 f6 15.
Rc1 Nf7 16. Re1 Ba6 17. Qc2 Bb5 18. g4 a4 19. Bc5 axb3 20. axb3 Qb7 21. Qc3 e5
22. Ra1 Rxa1 23. Rxa1 exf4 24. Ra7 Qb8 25. exf4 Qxf4 26. Re7 Rxe7 27. Bxe7 Bh6
28. Qa5 Qc1+ 29. Ne1 Ng5 30. Kg2 Ne6 31. Bxf6 Bd2 32. Qa8+ Kf7 33. Qb7+ Kxf6
34. g5+ Nxg5 35. Ng4+ Kf5 36. Qd7+ Ne6 37. Qf7+ Kxg4 38. Qxe6+ Kh5 39. Qh3+ Kg5
40. Qg3+ Kf6 41. Qe5+ Kf7 42. Qc7+ Ke6 43. Qc8+ Kf6 44. Qf8+ Kg5 45. h4+ Kh5
46. Qf3+ Kxh4 47. Qh3+ Kg5 48. Qg3+ Kf6 49. Qe5+ Kf7 50. Qc7+ Ke6 51. Qc8+ Kf7
52. Qc7+ Ke6 53. Qc8+ Kf6 54. Qh8+ Ke7 55. Qg7+ Kd8 56. Qf8+ Kc7 57. Qe7+ Kb6
58. Qd8+ Kb7 59. Qd7+ Ka6 60. Qc8+ Ka5 61. Qa8+ Kb4 62. Nd3+ Bxd3 63. Qa4+ Kc3
0-1

[Event "VIII Festival Hotel Petra A"]
[Site "Roma ITA"]
[Date "2007.11.03"]
[Round "8"]
[White "Bove, Alessandro"]
[Black "Caprio, Guido"]
[Result "1/2-1/2"]
[WhiteElo "2195"]
[BlackElo "2071"]
[PlyCount "48"]
[EventDate "2007.10.29"]

1. d4 Nf6 2. c4 g6 3. Nc3 Bg7 4. e4 d6 5. Nf3 O-O 6. Be2 e5 7. O-O Nc6 8. d5
Ne7 9. Ne1 Nd7 10. Bg4 f5 11. Bh3 a5 12. Qc2 b6 13. f3 Nc5 14. Be3 Kh8 15. a3
Ng8 16. Rb1 a4 17. Nd3 Nxd3 18. Qxd3 fxe4 19. fxe4 Bxh3 20. gxh3 Qh4 21. Bd2
Bh6 22. Bxh6 Qxh6 23. Nb5 Qg5+ 24. Kh1 Qe7 1/2-1/2

[Event "VIII Festival Hotel Petra A"]
[Site "Roma ITA"]
[Date "2007.11.03"]
[Round "8"]
[White "Burmakin, Vladimir"]
[Black "Isonzo, David"]
[Result "1-0"]
[WhiteElo "2593"]
[BlackElo "2339"]
[PlyCount "100"]
[EventDate "2007.10.29"]

1. d4 Nf6 2. g3 g6 3. Bg2 Bg7 4. e4 O-O 5. Nc3 d6 6. Nge2 Nbd7 7. h3 c5 8. O-O
Rb8 9. dxc5 Nxc5 10. Nd4 Bd7 11. Re1 Rc8 12. Nd5 e6 13. Nxf6+ Qxf6 14. Be3 Na4
15. Rb1 Nb6 16. c3 d5 17. Nb3 Rfd8 18. Qc1 Qe7 19. exd5 Nxd5 20. Bxd5 exd5 21.
Bg5 Qf8 22. Be7 Qe8 23. Qg5 Bxh3 24. Bxd8 Qxd8 25. Qxd8+ Rxd8 26. Nd4 Kf8 27.
f3 Bd7 28. Rbd1 b6 29. Rd3 h5 30. Red1 Re8 31. Kf2 Bf6 32. Re3 Rd8 33. Nc2 Bf5
34. Re2 h4 35. g4 Be6 36. Nd4 Bd7 37. Kg2 Ba4 38. Rde1 Bd7 39. Rf2 Rc8 40. Rd1
Rd8 41. Kh3 Ba4 42. Rdd2 Bd7 43. f4 Re8 44. Rfe2 Rd8 45. Nf3 Bb5 46. Re1 Bc4
47. g5 Be7 48. Ne5 Bb5 49. Red1 Kg7 50. Rxd5 Bf1+ 1-0

[Event "VIII Festival Hotel Petra A"]
[Site "Roma ITA"]
[Date "2007.11.03"]
[Round "8"]
[White "Colombo, Paolo"]
[Black "Ciampi, Vincenzo"]
[Result "1-0"]
[WhiteElo "2147"]
[BlackElo "2095"]
[PlyCount "73"]
[EventDate "2007.10.29"]

1. Nf3 d6 2. d4 g6 3. c4 Bg7 4. Nc3 Nd7 5. e4 c6 6. Be2 e5 7. O-O Ngf6 8. Be3
O-O 9. Qc2 Qe7 10. d5 cxd5 11. cxd5 Ng4 12. Bg5 f6 13. Bd2 f5 14. Ng5 Ndf6 15.
h3 Nh6 16. Rac1 fxe4 17. Ncxe4 Nxe4 18. Qxe4 Nf5 19. Rc4 h6 20. Nf3 Qf7 21.
Rfc1 Ne7 22. Rc7 Bf5 23. Qb4 e4 24. Qxd6 exf3 25. Rxe7 Qf6 26. Rxg7+ Qxg7 27.
Bxf3 Rad8 28. Qg3 b6 29. Bc3 Qd7 30. Qf4 g5 31. Qd4 Qh7 32. d6 Bg6 33. Re1 Rf4
34. Qd5+ Qf7 35. Qe5 Qh7 36. Bd5+ Bf7 37. Qe8+ 1-0

[Event "VIII Festival Hotel Petra A"]
[Site "Roma ITA"]
[Date "2007.11.03"]
[Round "8"]
[White "Corvi, Marco"]
[Black "Bellincampi, Stefano"]
[Result "1-0"]
[WhiteElo "2336"]
[BlackElo "2003"]
[PlyCount "103"]
[EventDate "2007.10.29"]

1. c4 Nf6 2. Nc3 e6 3. e4 d5 4. e5 d4 5. exf6 dxc3 6. bxc3 Qxf6 7. Nf3 e5 8. d4
exd4 9. Bg5 Qe6+ 10. Be2 f6 11. Nxd4 Qf7 12. Bh6 g6 13. Qd2 Bxh6 14. Qxh6 Nc6
15. Nxc6 bxc6 16. O-O Qf8 17. Qh4 Kf7 18. Rad1 Be6 19. Qf4 Qe7 20. Bf3 Rad8 21.
Bxc6 Rxd1 22. Rxd1 Rd8 23. Rxd8 Qxd8 24. h4 Ke7 25. Bf3 h5 26. Qe3 Qb8 27. Bd5
Qb6 28. c5 Qb1+ 29. Kh2 Qf5 30. Be4 Qg4 31. g3 Kf7 32. a3 Qh3+ 33. Kg1 Qg4 34.
Kh2 Qh3+ 35. Kg1 Qg4 36. Qf3 Qxf3 37. Bxf3 Bc4 38. Be4 g5 39. f4 gxf4 40. gxf4
Be2 41. Kf2 Bg4 42. Bd5+ Kg6 43. Ke3 Bd7 44. Be4+ Kf7 45. Kd4 Bb5 46. Kd5 Ba4
47. Bf3 Kg6 48. Ke6 Bb3+ 49. Kd7 Kf5 50. Kxc7 Kxf4 51. Bxh5 Bd5 52. Kd6 1-0

[Event "VIII Festival Hotel Petra A"]
[Site "Roma ITA"]
[Date "2007.11.03"]
[Round "8"]
[White "D'Andrea, Stefano"]
[Black "Palermo, Stefano"]
[Result "0-1"]
[WhiteElo "2105"]
[BlackElo "2071"]
[PlyCount "74"]
[EventDate "2007.10.29"]

1. e4 c5 2. Nc3 Nc6 3. Bb5 d6 4. f4 Bd7 5. Nf3 g6 6. O-O Bg7 7. Bc4 a6 8. Ng5
e6 9. d3 b5 10. Bb3 Nge7 11. f5 Bd4+ 12. Kh1 gxf5 13. exf5 Nxf5 14. Rxf5 exf5
15. Nxf7 Qf6 16. Nd5 Qg7 17. Nc7+ Ke7 18. Bg5+ Bf6 19. Nd5+ Kxf7 20. Qh5+ Qg6
21. Nf4+ c4 22. Nxg6 hxg6 23. Qf3 Bxg5 24. dxc4 Ne5 25. Qd5+ Be6 26. Qxd6 Rxh2+
27. Kxh2 Bf4+ 28. Kg1 Nf3+ 29. gxf3 Bxd6 30. cxb5 axb5 31. Bxe6+ Kxe6 32. Re1+
Kf6 33. a3 Rc8 34. Rd1 Ke5 35. c3 Bxa3 36. bxa3 Rxc3 37. Rb1 Rxa3 0-1

[Event "VIII Festival Hotel Petra A"]
[Site "Roma ITA"]
[Date "2007.11.03"]
[Round "8"]
[White "Di Lascio, Savino"]
[Black "Andreoni, Giuseppe"]
[Result "1-0"]
[WhiteElo "2004"]
[BlackElo "2009"]
[PlyCount "31"]
[EventDate "2007.10.29"]

1. Nf3 Nf6 2. g3 d5 3. Bg2 c6 4. d3 h6 5. O-O Bf5 6. h3 Nbd7 7. g4 Bh7 8. Bf4
g5 9. Bg3 Qb6 10. Qc1 O-O-O 11. c4 dxc4 12. dxc4 e6 13. Nc3 Nd5 14. Ne5 Bg8 15.
Na4 Qb4 16. Nxc6 1-0

[Event "VIII Festival Hotel Petra A"]
[Site "Roma ITA"]
[Date "2007.11.03"]
[Round "8"]
[White "Ferri, Stefano"]
[Black "Llopis De Aysa, Manuel"]
[Result "1/2-1/2"]
[WhiteElo "2178"]
[BlackElo "2230"]
[PlyCount "74"]
[EventDate "2007.10.29"]

1. d4 d6 2. c4 e5 3. dxe5 dxe5 4. Qxd8+ Kxd8 5. Nc3 Be6 6. e4 Nd7 7. Bd2 f6 8.
O-O-O Bc5 9. f3 Ne7 10. Bd3 Nc6 11. Nd5 a5 12. a3 a4 13. Ne2 Na5 14. Bb4 c6 15.
Bxc5 Nxc5 16. Ne3 Kc7 17. Kc2 Rad8 18. Kc3 Rxd3+ 19. Rxd3 Nxd3 20. Kxd3 Rd8+
21. Kc3 b5 22. cxb5 cxb5 23. Rd1 Rxd1 24. Nxd1 Kb6 25. Ne3 Kc5 26. Nc1 Bc4 27.
g3 Nb3 28. Nxb3+ Bxb3 29. f4 exf4 30. gxf4 g5 31. f5 h5 32. Nf1 Bd1 33. Kd2 Bf3
34. Ke3 Bg4 35. Kd3 Bd1 36. Kd2 Bf3 37. Ke3 Bd1 1/2-1/2

[Event "VIII Festival Hotel Petra A"]
[Site "Roma ITA"]
[Date "2007.11.03"]
[Round "8"]
[White "Gerardi, Saverio"]
[Black "Lava, Giovanni"]
[Result "1-0"]
[WhiteElo "2156"]
[BlackElo "2221"]
[PlyCount "99"]
[EventDate "2007.10.29"]

1. e4 c5 2. Nf3 e6 3. d4 cxd4 4. Nxd4 Nc6 5. Nc3 Qc7 6. Be3 a6 7. Bd3 Nf6 8.
O-O Ne5 9. Bf4 d6 10. Nde2 Be7 11. a4 b6 12. h3 Bb7 13. Re1 O-O 14. Qc1 Rac8
15. b3 Nxd3 16. cxd3 e5 17. Bg5 h6 18. Bd2 Qd7 19. Qb2 Rfd8 20. Be3 d5 21. Bxb6
Re8 22. f3 Bb4 23. Rec1 d4 24. Na2 Qd6 25. Nxb4 Qxb4 26. Ba7 a5 27. f4 Nd7 28.
fxe5 Nxe5 29. Rd1 Ba6 30. Nf4 Red8 31. Nd5 Qb7 32. Qxd4 Nc6 33. Qc5 Nxa7 34.
Ne7+ Kh8 35. Nxc8 Rxc8 36. Qxa5 Rc2 37. Qd8+ Kh7 38. Rac1 Qxb3 39. Qd7 Nc6 40.
Rxc2 Qxc2 41. Qf5+ Kg8 42. Rf1 f6 43. Qe6+ Kh8 44. Rf3 Qxa4 45. Qe8+ Kh7 46.
Rg3 Qd1+ 47. Kh2 Ne5 48. Qe7 Ng6 49. Qe6 Qa4 50. Qf7 1-0

[Event "VIII Festival Hotel Petra A"]
[Site "Roma ITA"]
[Date "2007.11.03"]
[Round "8"]
[White "Horvath, Csaba"]
[Black "Lazic, Miroljub"]
[Result "1/2-1/2"]
[WhiteElo "2536"]
[BlackElo "2492"]
[PlyCount "23"]
[EventDate "2007.10.29"]

1. d4 d5 2. c4 c6 3. Nf3 Nf6 4. Nc3 e6 5. e3 Nbd7 6. Bd3 Bd6 7. O-O O-O 8. Qc2
dxc4 9. Bxc4 b5 10. Be2 Bb7 11. Rd1 Qb8 12. e4 1/2-1/2

[Event "VIII Festival Hotel Petra A"]
[Site "Roma ITA"]
[Date "2007.11.03"]
[Round "8"]
[White "Hunt, Adam C."]
[Black "Scalcione, Michelangelo"]
[Result "1-0"]
[WhiteElo "2464"]
[BlackElo "2357"]
[PlyCount "165"]
[EventDate "2007.10.29"]

1. e4 e5 2. Nf3 d6 3. d4 Nf6 4. Nc3 Nbd7 5. g4 Nxg4 6. Rg1 Ngf6 7. Bc4 h6 8.
Be3 c6 9. dxe5 dxe5 10. Qe2 b5 11. Bb3 Qa5 12. O-O-O Ba6 13. Qe1 b4 14. Nb1 Qc7
15. a3 Rb8 16. Nh4 bxa3 17. Nxa3 g6 18. f4 exf4 19. Bd4 Bb4 20. Qf2 c5 21. Bxf6
Nxf6 22. e5 Qxe5 23. Rge1 Bxe1 24. Rxe1 Ne4 25. Qg2 f3 26. Qxf3 Qg5+ 27. Kb1
O-O 28. Qxe4 Rbe8 29. Qxe8 Rxe8 30. Rxe8+ Kg7 31. Nf3 Qf4 32. Ne5 c4 33. Naxc4
Bxc4 34. Bxc4 Kf6 35. b3 h5 36. Bxf7 Qxh2 37. Bxg6 Qg1+ 38. Ka2 h4 39. Bd3 Qg3
40. Nf3 Kf7 41. Re5 Kf6 42. Rf5+ Ke7 43. Ng5 Qg4 44. Rf7+ Kd6 45. Ne4+ Ke5 46.
Rxa7 Kd4 47. Re7 Qg2 48. Rh7 h3 49. Nf6 Kc3 50. Bf5 Qf1 51. Nd5+ Kd4 52. Bd3
Qf3 53. Bc4 Qg2 54. Rh4+ Ke5 55. Ne3 Qf3 56. Nf1 Kf5 57. Bd3+ Kg5 58. Rh7 Kf6
59. b4 Ke5 60. Kb2 Qg4 61. Kb3 Kd4 62. Rc7 Qg8+ 63. Kb2 Qb8 64. Rc4+ Kd5 65.
Rh4 Ke5 66. Nd2 Kf6 67. Rxh3 Qxb4+ 68. Nb3 Kg5 69. Rf3 Qb8 70. Rf5+ Kg4 71. c4
Qh8+ 72. Ka3 Qc3 73. Rd5 Kf4 74. Ka4 Ke3 75. c5 Qg7 76. Rd6 Qa7+ 77. Kb4 Qb8+
78. Bb5 Ke4 79. Nd2+ Ke5 80. Nc4+ Ke4 81. c6 Qf8 82. c7 Qc8 83. Rd7 1-0

[Event "VIII Festival Hotel Petra A"]
[Site "Roma ITA"]
[Date "2007.11.03"]
[Round "8"]
[White "Ibba, Isacco"]
[Black "Hanly, Steven"]
[Result "1-0"]
[WhiteElo "2202"]
[BlackElo "1998"]
[PlyCount "43"]
[EventDate "2007.10.29"]

1. e4 e6 2. d4 d5 3. Nc3 dxe4 4. Nxe4 Bd7 5. Ne2 Bc6 6. N2g3 Nd7 7. Bd3 Ngf6 8.
f3 Be7 9. O-O O-O 10. c4 b6 11. Bg5 Bb7 12. Qc2 h6 13. Be3 Qc8 14. Qd2 c5 15.
Bxh6 gxh6 16. Qxh6 Nxe4 17. Nh5 Bf6 18. fxe4 Bxd4+ 19. Kh1 Qc6 20. Rf3 f5 21.
Qg6+ Kh8 22. Nf6 1-0

[Event "VIII Festival Hotel Petra A"]
[Site "Roma ITA"]
[Date "2007.11.03"]
[Round "8"]
[White "Lantini, Marco"]
[Black "Tosoni, Augusto"]
[Result "1-0"]
[WhiteElo "2222"]
[BlackElo "2255"]
[PlyCount "75"]
[EventDate "2007.10.29"]

1. d4 Nf6 2. c4 g6 3. Nc3 Bg7 4. e4 d6 5. h3 O-O 6. Bg5 c5 7. d5 e6 8. Bd3 exd5
9. cxd5 Re8 10. Nf3 c4 11. Bc2 b5 12. a3 Na6 13. O-O Nc5 14. Re1 Qb6 15. e5
dxe5 16. Rxe5 Bb7 17. Be3 a6 18. d6 Nfd7 19. Re7 Qd8 20. Nd5 Ne6 21. Ng5 Bxd5
22. Qxd5 Nf6 23. Qc6 Nxg5 24. Bxg5 h6 25. Bh4 g5 26. Bg3 Rxe7 27. dxe7 Qe8 28.
Qb7 Qc8 29. Qf3 Ra7 30. Re1 Qe8 31. Qe3 Rd7 32. Bf5 Rd5 33. Qf3 Rd2 34. Qb7 Rd5
35. Be5 Rc5 36. Bc2 Nd5 37. Bd6 Rc6 38. Qxc6 1-0

[Event "VIII Festival Hotel Petra A"]
[Site "Roma ITA"]
[Date "2007.11.03"]
[Round "8"]
[White "Marta, Daniele"]
[Black "Marotta, Michele"]
[Result "1-0"]
[WhiteElo "2073"]
[BlackElo "2012"]
[PlyCount "51"]
[EventDate "2007.10.29"]

1. d4 Nf6 2. c4 g6 3. Nc3 d5 4. cxd5 Nxd5 5. e4 Nxc3 6. bxc3 Bg7 7. Bc4 c5 8.
Ne2 Nc6 9. Be3 O-O 10. O-O cxd4 11. cxd4 Na5 12. Bd3 a6 13. Rc1 Bd7 14. Qd2 Nc6
15. Bb1 e6 16. Rfd1 Rc8 17. Rc5 Qe7 18. d5 exd5 19. Rxd5 Nb8 20. Rxd7 Nxd7 21.
Qxd7 Rfd8 22. Qa4 Re8 23. g3 Rc6 24. Nf4 b5 25. Qb3 Rc3 26. Nd5 1-0

[Event "VIII Festival Hotel Petra A"]
[Site "Roma ITA"]
[Date "2007.11.03"]
[Round "8"]
[White "Parpinel, Marco"]
[Black "Tribuiani, Renato"]
[Result "1-0"]
[WhiteElo "2137"]
[BlackElo "2096"]
[PlyCount "97"]
[EventDate "2007.10.29"]

1. e4 c5 2. a3 e6 3. b4 Qf6 4. Nc3 cxb4 5. axb4 Bxb4 6. Bb2 Bxc3 7. Bxc3 Qh6 8.
Ra4 Ne7 9. Nf3 f6 10. g4 Qf4 11. Bb5 e5 12. d3 O-O 13. Rg1 Qh6 14. g5 fxg5 15.
Nxe5 Qb6 16. Qd2 Qxb5 17. Qxg5 Ng6 18. Ra5 Qb1+ 19. Kd2 Rxf2+ 20. Ke3 Qb6+ 21.
d4 Qf6 22. Qg3 Rxc2 23. Kd3 Qf2 24. Qxf2 Rxf2 25. Nxg6 hxg6 26. Rxg6 Rf6 27.
Rg3 b5 28. d5 Rf7 29. h4 a6 30. Be5 d6 31. Bxd6 Bb7 32. h5 Kh7 33. Ra1 Nd7 34.
Rag1 Rc8 35. Rg6 Re8 36. Kd4 Nf8 37. Be5 Ree7 38. R6g5 Rd7 39. Kc5 Rde7 40. Bd6
Nd7+ 41. Kd4 Re8 42. e5 Nxe5 43. Bxe5 Ree7 44. Rg6 Rd7 45. d6 Bf3 46. h6 gxh6
47. Rg8 Rxd6+ 48. Ke3 Rdf6 49. Bxf6 1-0

[Event "VIII Festival Hotel Petra A"]
[Site "Roma ITA"]
[Date "2007.11.03"]
[Round "8"]
[White "Passerotti, Pierluigi"]
[Black "Rossi, Aldo A."]
[Result "1/2-1/2"]
[WhiteElo "2320"]
[BlackElo "2204"]
[PlyCount "32"]
[EventDate "2007.10.29"]

1. c4 c5 2. Nc3 Nc6 3. e3 e5 4. g3 g6 5. Bg2 Bg7 6. a3 Nge7 7. Nge2 O-O 8. O-O
d6 9. d3 h6 10. Bd2 Bf5 11. e4 Be6 12. Nd5 a5 13. Rb1 Rb8 14. b4 axb4 15. axb4
b6 16. bxc5 bxc5 1/2-1/2

[Event "VIII Festival Hotel Petra A"]
[Site "Roma ITA"]
[Date "2007.11.03"]
[Round "8"]
[White "Pienabarca, Nicola"]
[Black "Stips, Felix"]
[Result "1/2-1/2"]
[WhiteElo "2075"]
[BlackElo "2061"]
[PlyCount "59"]
[EventDate "2007.10.29"]

1. d4 Nf6 2. Nf3 e6 3. g3 b5 4. Bg2 Bb7 5. Na3 a6 6. c3 c5 7. Nc2 Be7 8. O-O
O-O 9. Re1 d5 10. Bg5 Nbd7 11. Nd2 e5 12. e4 exd4 13. e5 d3 14. exf6 dxc2 15.
Qxc2 Nxf6 16. c4 bxc4 17. Nxc4 h6 18. Bf4 Re8 19. Qb3 Bc6 20. Rad1 g5 21. Ne5
Qc8 22. Nxc6 Qxc6 23. Be5 c4 24. Qf3 Ne4 25. Qf5 Nf6 26. Bxf6 Qxf6 27. Qxf6
Bxf6 28. Bxd5 Rxe1+ 29. Rxe1 Rb8 30. Bxc4 1/2-1/2

[Event "VIII Festival Hotel Petra A"]
[Site "Roma ITA"]
[Date "2007.11.03"]
[Round "8"]
[White "Piscopo, Pierluigi"]
[Black "Sibilio, Mario"]
[Result "0-1"]
[WhiteElo "2365"]
[BlackElo "2381"]
[PlyCount "66"]
[EventDate "2007.10.29"]

1. e4 c5 2. Nf3 b6 3. Bc4 Bb7 4. O-O e6 5. Re1 a6 6. Nc3 b5 7. Bf1 Nc6 8. d4
cxd4 9. Nxd4 Nge7 10. Be3 d6 11. Nb3 Nc8 12. a4 bxa4 13. Rxa4 Nb6 14. Ra1 Be7
15. Bf4 g5 16. Be3 Nd7 17. Na4 Qc7 18. Qd2 Rg8 19. c4 Nce5 20. Bd4 Nc5 21.
Naxc5 dxc5 22. Bc3 Rg6 23. Bxe5 Qxe5 24. Qc3 Qxc3 25. bxc3 e5 26. Na5 Bc8 27.
Reb1 Bd8 28. Be2 Rb6 29. Rd1 Be6 30. Rd2 Rab8 31. Bd1 Rb1 32. Nc6 Rxa1 33. Nxb8
Bxc4 0-1

[Event "VIII Festival Hotel Petra A"]
[Site "Roma ITA"]
[Date "2007.11.03"]
[Round "8"]
[White "Quimi, Marco"]
[Black "Castelfranchi, Carlo"]
[Result "1-0"]
[WhiteElo "2270"]
[BlackElo "2083"]
[PlyCount "157"]
[EventDate "2007.10.29"]

1. e4 Nf6 2. e5 Nd5 3. c4 Nb6 4. c5 Nd5 5. Nc3 e6 6. Bc4 Nxc3 7. bxc3 Bxc5 8.
Qg4 g6 9. h4 d5 10. Bb3 h5 11. Qg3 d4 12. Nf3 Nc6 13. O-O Bd7 14. Re1 Qe7 15.
Re4 d3 16. Bc4 Na5 17. Bxd3 O-O-O 18. Be2 Ba3 19. Bxa3 Qxa3 20. Rb4 c5 21. Rbb1
Bc6 22. Qf4 Rhf8 23. Ng5 Qa4 24. Qxa4 Bxa4 25. Bb5 Bc2 26. Rb2 Bf5 27. Re1 a6
28. Bf1 Nc6 29. f4 Rd7 30. Kf2 Rfd8 31. Rd1 Kc7 32. g3 Bg4 33. Be2 Bf5 34. Nh7
Bd3 35. Bf3 Na5 36. Nf6 Re7 37. a4 Rb8 38. Be4 Nc4 39. Ra2 Rd8 40. Bxd3 Rxd3
41. Ne4 Kc6 42. a5 Red7 43. Ke2 Ne3 44. Rb1 Nf5 45. Rb6+ Kc7 46. Nxc5 Nxg3+ 47.
Ke1 Rf3 48. Kd1 Rd5 49. Nxb7 Rxa5 50. Nxa5 Kxb6 51. Nc4+ Kc5 52. Nd6 Rxf4 53.
Rxa6 Ne4 54. Kc2 Rxh4 55. Ra4 Kd5 56. Rd4+ Kxe5 57. Nxf7+ Kf5 58. Nd6+ Ke5 59.
Nc4+ Kf5 60. Ne3+ Ke5 61. Nc4+ Kf6 62. d3 Rh2+ 63. Kb3 Nc5+ 64. Kb4 Nxd3+ 65.
Rxd3 g5 66. Rf3+ Ke7 67. Ne5 g4 68. Rf7+ Kd6 69. Nd3 e5 70. c4 e4 71. c5+ Kd5
72. Nf4+ Ke5 73. c6 e3 74. Kb5 Rb2+ 75. Kc5 Rc2+ 76. Kb6 e2 77. c7 h4 78. Nd3+
Kd4 79. Rd7+ 1-0

[Event "VIII Festival Hotel Petra A"]
[Site "Roma ITA"]
[Date "2007.11.03"]
[Round "8"]
[White "Sbarra, Marco"]
[Black "Korneev, Oleg"]
[Result "0-1"]
[WhiteElo "2220"]
[BlackElo "2587"]
[PlyCount "66"]
[EventDate "2007.10.29"]

1. d4 d5 2. c4 e6 3. Nc3 c6 4. e3 Nf6 5. Nf3 Nbd7 6. Qc2 Bd6 7. g4 h6 8. Bd2
dxc4 9. Bxc4 b5 10. Be2 Bb7 11. Rg1 Rc8 12. a3 c5 13. Nxb5 Bb8 14. Nc3 cxd4 15.
exd4 Ne4 16. Qb3 Nxd2 17. Qxb7 Nxf3+ 18. Qxf3 Bxh2 19. Rh1 Bd6 20. Bb5 Be7 21.
d5 O-O 22. Rd1 Ne5 23. Qe2 Qc7 24. d6 Bxd6 25. g5 Bxa3 26. Ne4 Bb4+ 27. Kf1 Qc2
28. gxh6 Qxe2+ 29. Bxe2 Rfd8 30. Rxd8+ Rxd8 31. f4 Rd4 32. fxe5 Rxe4 33. hxg7
Rxe5 0-1

[Event "VIII Festival Hotel Petra A"]
[Site "Roma ITA"]
[Date "2007.11.03"]
[Round "8"]
[White "Vuelban, Virgilio"]
[Black "Calavalle, Giulio"]
[Result "1-0"]
[WhiteElo "2399"]
[BlackElo "2238"]
[PlyCount "64"]
[EventDate "2007.10.29"]

1. e4 c5 2. Nf3 Nc6 3. d4 cxd4 4. Nxd4 e5 5. Nb5 a6 6. Nd6+ Bxd6 7. Qxd6 Qf6 8.
Qc7 Nge7 9. Nc3 Nb4 10. Bd3 d5 11. O-O Nxd3 12. cxd3 d4 13. Na4 Qc6 14. Qxc6+
Nxc6 15. Nb6 Rb8 16. Bd2 Be6 17. b4 O-O 18. a4 f5 19. f3 fxe4 20. fxe4 Rxf1+
21. Kxf1 h5 22. Rc1 Kf7 23. Rc5 Kf6 24. h4 Bg4 25. b5 axb5 26. axb5 Na7 27.
Bg5+ Kg6 28. Rxe5 Nc8 29. Re8 Kf7 30. Rd8 g6 31. Bf4 Ke7 32. Rh8 Nxb6 1-0

[Event "VIII Festival Hotel Petra A"]
[Site "Roma ITA"]
[Date "2007.11.03"]
[Round "8"]
[White "Zoldan, Matteo"]
[Black "Salvador, Roland"]
[Result "1/2-1/2"]
[WhiteElo "2143"]
[BlackElo "2456"]
[PlyCount "30"]
[EventDate "2007.10.29"]

1. c4 c6 2. d4 d5 3. Nf3 Nf6 4. cxd5 cxd5 5. Nc3 Nc6 6. Bf4 Bf5 7. e3 e6 8. Bb5
Bd6 9. Bxd6 Qxd6 10. O-O O-O 11. Rc1 Bg4 12. Be2 Bxf3 13. Bxf3 Rac8 14. Qa4 Qb4
15. Qxb4 Nxb4 1/2-1/2

[Event "Weekend A Ottobre"]
[Site "Torino ITA"]
[Date "2007.11.01"]
[Round "2"]
[White "Artero, Carlo"]
[Black "Fassio, Luca"]
[WhiteElo "1608"]
[BlackElo "2072"]
[Result "1-0"]
[PlyCount "79"]
[EventDate "2007.10.31"]

1. e4 g6 2. d4 Bg7 3. Be3 d6 4. Nc3 c6 5. a4 Nf6 6. f3 O-O 7. Qd2 Nbd7 8. g4 e5
9. d5 cxd5 10. Nxd5 Nxd5 11. Qxd5 Nf6 12. Qd2 Be6 13. O-O-O Ne8 14. h4 Rc8 15.
Kb1 f5 16. gxf5 gxf5 17. exf5 Bxf5 18. Bd3 Qd7 19. Bb5 Qe6 20. Rc1 a6 21. Bxe8
Rfxe8 22. h5 Qb3 23. h6 Bf8 24. Nh3 Qxa4 25. Rhg1+ Kh8 26. Ng5 Qd7 27. f4 Bxh6
28. Qxd6 Bxg5 29. Qxd7 Bxd7 30. Rxg5 Rc4 31. f5 Rf8 32. Rf1 Re4 33. Bc5 Rf7 34.
Rfg1 h6 35. Rg8+ Kh7 36. f6 h5 37. R1g7+ Rxg7 38. Rxg7+ Kh8 39. Rxd7 Rf4 40. f7
1-0

[Event "Weekend A Ottobre"]
[Site "Torino ITA"]
[Date "2007.10.??"]
[Round "2"]
[White "Molina, Fabrizio"]
[Black "Matta, Francesca"]
[WhiteElo "2278"]
[BlackElo "1945"]
[Result "1-0"]
[PlyCount "109"]
[EventDate "2007.10.31"]

1. c4 e5 2. Nc3 Nf6 3. Nf3 Nc6 4. e3 Be7 5. a3 a5 6. Be2 d5 7. cxd5 Nxd5 8. Qa4
Nxc3 9. dxc3 Bd7 10. Bb5 Bd6 11. O-O O-O 12. Rd1 Qe7 13. e4 Rfd8 14. Be3 f6 15.
Rd5 Be6 16. Bxc6 bxc6 17. Rxa5 Rab8 18. b4 Qd7 19. Nd2 g6 20. Ra6 f5 21. Bg5
Rf8 22. Qxc6 Qg7 23. c4 Bc8 24. Ra7 Rf7 25. Ra8 Rxa8 26. Qxa8 Rf8 27. Qd5+ Rf7
28. c5 Bf8 29. Nc4 h6 30. Bd2 Kh7 31. c6 fxe4 32. Bc3 Qf6 33. Rf1 Bf5 34. Bxe5
Qe7 35. Ne3 Bg7 36. Bxg7 Kxg7 37. Qd4+ Kh7 38. a4 Qe6 39. b5 Rf8 40. Nxf5 gxf5
41. Qd7+ Qxd7 42. cxd7 Kg7 43. Rd1 Rd8 44. a5 Kf7 45. a6 Ke7 46. g3 h5 47. a7
h4 48. gxh4 Rg8+ 49. Kf1 Rd8 50. h5 f4 51. h6 e3 52. a8=Q Rxa8 53. d8=Q+ Rxd8
54. Rxd8 Kxd8 55. h7 1-0

[Event "Weekend A Ottobre"]
[Site "Torino ITA"]
[Date "2007.10.??"]
[Round "3"]
[White "Pulito, Alberto"]
[Black "Astengo, Marcello"]
[WhiteElo "2285"]
[BlackElo "2024"]
[Result "1-0"]
[PlyCount "81"]
[EventDate "2007.10.31"]

1. e4 e6 2. d4 d5 3. e5 c5 4. c3 Nc6 5. Nf3 Bd7 6. Be2 Nge7 7. Na3 cxd4 8. cxd4
Nf5 9. Nc2 Rc8 10. O-O Be7 11. Bd3 Nh4 12. Nxh4 Bxh4 13. Qg4 g6 14. Bh6 Be7 15.
Rae1 Bf8 16. Bxf8 Kxf8 17. h4 h5 18. Qf4 Kg7 19. Re3 a6 20. Rf3 Qe7 21. Qg3 Rh6
22. Rf6 Be8 23. Qg5 Rc7 24. a3 Na7 25. Ne3 Bb5 26. Bxb5 Nxb5 27. Rd1 Rd7 28. f4
Nd6 29. Nxd5 Qd8 30. exd6 exd5 31. Rxf7+ Kxf7 32. Qxh6 Rxd6 33. Qh7+ Kf8 34.
Qxb7 Qxh4 35. Qb8+ Qd8 36. Qb4 Kg7 37. Re1 Kh6 38. Re5 Rb6 39. Qd2 Rb5 40. Re6
Kh7 41. f5 1-0